<?xml version="1.0" encoding="UTF-8"?><?xml-stylesheet type="text/xsl" href="static/style.xsl"?><OAI-PMH xmlns="http://www.openarchives.org/OAI/2.0/" xmlns:xsi="http://www.w3.org/2001/XMLSchema-instance" xsi:schemaLocation="http://www.openarchives.org/OAI/2.0/ http://www.openarchives.org/OAI/2.0/OAI-PMH.xsd"><responseDate>2026-04-27T20:01:50Z</responseDate><request verb="GetRecord" identifier="oai:uvadoc.uva.es:10324/40108" metadataPrefix="marc">https://uvadoc.uva.es/oai/request</request><GetRecord><record><header><identifier>oai:uvadoc.uva.es:10324/40108</identifier><datestamp>2021-11-03T13:06:59Z</datestamp><setSpec>com_10324_30605</setSpec><setSpec>com_10324_894</setSpec><setSpec>col_10324_41</setSpec></header><metadata><record xmlns="http://www.loc.gov/MARC21/slim" xmlns:doc="http://www.lyncode.com/xoai" xmlns:xsi="http://www.w3.org/2001/XMLSchema-instance" xmlns:dcterms="http://purl.org/dc/terms/" xsi:schemaLocation="http://www.loc.gov/MARC21/slim http://www.loc.gov/standards/marcxml/schema/MARC21slim.xsd">
<leader>00925njm 22002777a 4500</leader>
<datafield tag="042" ind1=" " ind2=" ">
<subfield code="a">dc</subfield>
</datafield>
<datafield tag="720" ind1=" " ind2=" ">
<subfield code="a">Velasco Molpeceres, Ana María</subfield>
<subfield code="e">author</subfield>
</datafield>
<datafield tag="260" ind1=" " ind2=" ">
<subfield code="c">2019</subfield>
</datafield>
<datafield tag="520" ind1=" " ind2=" ">
<subfield code="a">Esta Tesis Doctoral investiga la transformación social de España en el periodo&#xd;
contemporáneo, centrándose especialmente en los cambios producidos en el siglo XX.&#xd;
La historia de España en esta centuria es la de un país entre la dictadura y la&#xd;
democracia, entre lo antiguo y lo moderno. La Transición, por ello, supuso más que un&#xd;
proceso político ya que modificó la sociedad española integralmente. El cambio de&#xd;
situación de las españolas fue una de las cuestiones que más transformaron la sociedad,&#xd;
repercutiendo en los hombres, las familias, la economía, la política y la cultura. El&#xd;
estudio del papel de la moda en estos cambios es de gran importancia porque la moda es&#xd;
un producto cultural, a la vez individual y colectivo. Además, tradicionalmente ha&#xd;
estado en la esfera femenina, por lo que es valioso para acercarse a la historia social. La&#xd;
moda es una forma de comunicación que no puede desligarse de los procesos políticos&#xd;
ni de los medios de comunicación. Este trabajo se centra en la relación entre moda y&#xd;
mass media y en su impacto social. La Tesis es el estudio más completo publicado sobre&#xd;
el tema en España.</subfield>
</datafield>
<datafield tag="024" ind2=" " ind1="8">
<subfield code="a">http://uvadoc.uva.es/handle/10324/40108</subfield>
</datafield>
<datafield tag="024" ind2=" " ind1="8">
<subfield code="a">10.35376/10324/40108</subfield>
</datafield>
<datafield ind1=" " ind2=" " tag="653">
<subfield code="a">Moda</subfield>
</datafield>
<datafield ind1=" " ind2=" " tag="653">
<subfield code="a">España - Historia - Siglo XX</subfield>
</datafield>
<datafield ind1=" " ind2=" " tag="653">
<subfield code="a">Mujer</subfield>
</datafield>
<datafield ind1=" " ind2=" " tag="653">
<subfield code="a">Cambios sociales</subfield>
</datafield>
<datafield tag="245" ind1="0" ind2="0">
<subfield code="a">Mujer, moda y cambio social: del franquismo a la democracia</subfield>
</datafield>
</record></metadata></record></GetRecord></OAI-PMH>